000 00778cam a22002534a 4500
001 14707946
003 OSt
005 20140310182445.0
008 070123s2007 moua b 001 0 eng
010 _a 2007921588
020 _a9781416022442 (pbk. : alk. paper)
040 _aDLC
_cDLC
_dDLC
050 _aR 727.3
_b.P986 2007
100 1 _aPurtilo, Ruth B.
_97508
245 1 0 _aHealth professional and patient interaction /
_cRuth Purtilo, Amy Haddad.
250 _a7th ed.
260 _aSt. Louis, Mo. :
_bSaunders,
_cc2007.
300 _axvii, 366 p. :
_bill. ;
_c23 cm.
504 _aIncludes bibliographical references and index.
650 0 _aMedical personnel and patient.
_97692
700 1 _aHaddad, Amy Marie.
_97691
942 _2lcc
_cSSLC
999 _c13588
_d13588